00777nam a2200217 a 450000500170000000800410001702000150005804000250007304100080009804400070010608200180011310000300013124500990016126000620026030000520032265000470037465000500042165000490047166200110052070000280053120161220121950.0140227b1997 it a||||r|||| 00| 0 ita d a8881630656 aCO-BoIAVHcCO-BoIAVH aita ait04a796.525bA63g1 aGiuseppe, Antoninieautor10aGrotte e forre : btecniche speciali e di autosoccorso / cGuiseppe Antonini y Giovanni Badino aGenova (Italia) : bSocieta Speleologica Italiana,c1997. a283 páginas : bilsutraciones ; c21 x 15 cm.26aCuevasxExpediciónxAsistencia técnica26aBarrancosxExpediciónxAsistencia técnica26aSeguridad en el trabajoxAyuda de emergencia aItalia2 aBadino, Giovannieautor